| 000 | 01429cam a22002535a 4500 | ||
|---|---|---|---|
| 001 | L153817 | ||
| 008 | 110803s2011 xxk f 000 0 eng d | ||
| 020 | _a9781842196939 | ||
| 035 | _a(Sirsi) u153817 | ||
| 041 | 0 | _aeng | |
| 050 | 0 | 4 | _a333.332 $2 18 |
| 100 | 1 | _aSaunders, Ollie | |
| 245 | 0 | 0 |
_aValuation calculations _b101 worked examples |
| 250 | _a2nd ed. | ||
| 260 |
_aCoventry _bRICS _c2011 |
||
| 300 |
_aviii, 248p. _c21cm. |
||
| 505 | 2 | _aTraditional investment approach -- Leaseholds and synergistic/marriage value -- Over-rented property -- Investment, cashflow approach -- Ground leases -- Profit rent -- Development valuations -- Land -- Profits valuations -- Depreciated replacement cost -- Land and building apportionments -- Appendix | |
| 520 | _aThere is no prescriptive way to value any property: the approach is down to the valuer. This book illustrates the different scenarios a valuer may encounter and the different techniques that can be employed. Each calculation is clearly set out, and the jargon-free commentary highlights points of interest and danger areas. The worked examples cover: traditional investment valuations; discounted cashflows; development appraisals; depreciated replacement cost; and profits method and trading valuations. | ||
| 521 | _aIntroductory | ||
| 590 | _aKA | ||
| 651 | 4 | _aUnited Kingdom | |
| 690 | _aPROPERTY-PROPERTY APPRAISAL AND VALUATION | ||
| 942 |
_n0 _2ddc |
||
| 999 |
_c112715 _d112715 |
||